| 000 | 00662nam a2200241 i 4500 | ||
|---|---|---|---|
| 001 | C2-0344947 | ||
| 003 | PPAK | ||
| 005 | 20180728145640.0 | ||
| 008 | 180116s2017 xxk |||| ||||| | eng d | ||
| 020 | _a9780718181451 | ||
| 040 |
_aPPAK _beng _cPPAK _erda |
||
| 082 | 0 | 4 |
_a823 _223 |
| 090 | 0 | 0 |
_a823 _bIGG _dG |
| 100 | 1 |
_aIggulden, Conn, _eauthor |
|
| 245 | 1 | 0 |
_aDunstan : _bone man will change the fate of England |
| 264 | 1 |
_aUnited Kingdom : _bMichael Joseph , _c2017 |
|
| 300 |
_a463 pages ; _c24 cm |
||
| 336 |
_2rdacontent _atext |
||
| 337 |
_2rdamedia _aunmediated |
||
| 338 |
_2rdacarrier _avolume |
||
| 650 | 1 | 0 | _aEnglish fiction. |
| 942 |
_ddc _cB |
||
| 999 |
_c141502 _d141502 |
||